Random Words that start with G - Statistics

General Stats
  • This quiz has been taken 25 times
  • The average score is 10 of 15
Answer Stats
Hints Answers % Correct
This is the name of a country that shares the name of a U.S. state. Georgia
100%
A female child. Girl
95%
A very popular internet search engine, that you may be using right now. Google
95%
Another way to say dude or man (Which can also be used on people of either sex) Guy
86%
The first people to create a democracy. Ancient Greeks
82%
This person discovered Jupiter's moons. Galileo Galilei
82%
The human-like dog in Mickey Mouse Clubhouse. Goofy
73%
A country located in South America. Guyana
64%
The tree person thingy in Guardians of the Galaxy. Groot
59%
To make a hollow bubbling sound like that made by water running out of a bottle. Gurgle
59%
a mythical creature with the head and wings of an eagle and the body of a lion, typically depicted with pointed ears and with the eagle's legs taking the place of the forelegs. Griffin
55%
The Greek goddess of Earth, mother of all life. Gaia
50%
A somewhat bitter-tasting fruit. Grapefruit
50%
A percussion instrument that is shaped like an flat, circular disc, originating in East and Southeast Asia Gong
45%
This person is well-known for saying "WHERE'S THE LAMB SAUCE!?" Gordon Ramsay
27%
No matching quizzes found
Score Distribution
Percent of People with Each Score
Percentile by Number Answered
Your Score History
You have not taken this quiz